MDQL
is popping MORE tags! Check the
thread
!
Quizzes
Events
Quiz Creation
Community
Videos
Private Events
Remove Ads
Sign In
Join for FREE
Feedback
Dark Mode
Quiz Categories
Sports
Geography
Music
Movies
Television
Just For Fun
Miscellaneous
History
Literature
Language
Science
Gaming
Entertainment
Religion
Holiday
For Kids
Quiz Lab
Recent
Popular Today
Quiz Kudos Today
Editor Picks
Curator Picks
Quizzes by...
Day
Popularity
Type
Ratings
Length
Year
Community
Subscriptions
Recent Discussions
Orange Saloon
Badges
Playlists
Quests
Create
Leaderboards
Showdown
Live 5
Trivia Bingo
Activity
Puzzle Library
Sporcle Events
Private Events
Virtual Trivia
Globe League
Become a Host
Pub Owners
SporcleCon
Opinionation
Our Games
Videos
Blog
Mobile Apps
Partnerships
Remove Ads and Go Orange
Feedback
History
US Presidents
World Leaders
Politics
Nation
Discovery
War
Decade
Year
Century
Biography
Art
History
US Presidents
World Leaders
Politics
Nation
Discovery
War
Decade
Year
Century
Biography
Art
Random Quiz
Search Sporcle
×
Quiz Lab
Quiz Lab
History
City
Select answers by clicking on text or image buttons
Select answers by clicking on text or image buttons
Clickable
Best Score? Go Orange.
Famous people by birthplaces (Clickable) Stats
Can you pick the Famous people by birthplaces (Clickable) ?
By
GreenDragon
10m
30 Questions
974 Plays
974 Plays
974 Plays
Comments
Comments
Give Quiz Kudos
Give Quiz Kudos
-
- Ratings
hide this ad
Forced Order
Answers have to be entered in order
Answers have to be entered in order
Replay
Link that replays current quiz
Next Quiz
Link to next quiz in quiz playlist
You Got
0%
They Got
Avg Score
75%
Avg Friend Score
Upgrade to see
Score Distribution
Jump to the score distribution portion of the page
Score
0/30
Timer
10:00
0
Plays Today
% Correct
Barack Obama
92.3%
Jesus Christ
91.3%
Nelson Mandela
89.8%
Winston Churchill
87.4%
Genghis Khan
86.6%
Tutankhamun
86.4%
Abraham Lincoln
84%
Julius Caesar
83.8%
Che Guevara
83.5%
Kim Jong-il
83.4%
Napoleon Bonaparte
83.3%
Benjamin Franklin
82.2%
Muhammad
80.4%
Rembrandt van Rijn
80.2%
Leon Trotsky
79.4%
% Correct
Alexander the Great
78.1%
Tenzin Gyatso, 14th Dalai Lama
77.1%
Pablo Picasso
75.6%
Adolf Hitler
75.4%
Confucius
75.3%
Leonidas I
74.9%
Wolfgang Amadeus Mozart
72.4%
Lech Walesa
71%
Marco Polo
66.9%
Niccolo Machiavelli
64.5%
Christopher Columbus
64.1%
Saladin
61%
Yasser Arafat
49.7%
Marie Curie
46.7%
Mother Teresa
44.4%
Quiz Playlist
Details
Report
Send in Message
Add To Playlist
Clickable:
Select answers by clicking on text or image buttons
Forced Order:
Answers have to be entered in order
Last Updated: Feb 16, 2017
Quiz Scoreboard
CHALLENGE
Sign Up to Join the Scoreboard
Show All
Scores
Hide
Comments
May contain spoilers
Recently Published
5x2 Blitz: Bands
by SL_Kpop136
Music
30s
Colored Red Africa Blitz
by spor1
Geography
30s
Find the 'City' Movie
by crazypaving
Movies
60s
More to Explore
Quiz From the Vault
Featured Blog Post
14 Easter Pick-up Lines to Find Eggs With
hide this ad
You Might Also Like...
Tags
City Quiz
Clickable Quiz
Famous People
Historical Event
Historical Figures
Today's Top Quizzes in History
Browse History
hide this ad
Today's Top Quizzes in City
Browse City
Top Contributed Quizzes in History
1
Popular People in 1991
2
US National Parks Named After People
3
Order Up: 1000 Years of World Events I
4
Popular People in 1981
5
Popular People in 1951
6
Popular People in 1941
7
Popular People in 1986
8
Popular People in 1921
9
Popular People in 1976
10
Magic 10 Blitz: U.S. Presidents
Explore More
Trending Topics
Kpop
Anime
Marvel
Disney
Harry Potter
Crossword
NBA
The Office
Pokémon
Soccer
Country
WWE
Puzzle
NFL
Song
hide this ad
More By:
GreenDragon
Quiz
Plays
Rating
Category
Featured
Created
North American Cities Sorting Blitz
110,764
4.46
Geography
May 28, 2014
FIFA World Cup: Defending Champion Losses
103,217
4.62
Sports
Jun 14, 2014
Famous Leaders by Their Deaths
53,169
4.74
History
Jul 15, 2015
Weird Websites of the World
44,667
4.32
Miscellaneous
Mar 29, 2014
10 Closest Capitals to Ljubljana
33,925
4.79
Geography
May 4, 2014
Go to Creator's Profile
Score Distribution
Quiz Creator Spotlight
GreenDragon
Follow
Send a Message
Quizzes Created
-
Created Quiz Play Count
-
More By This Creator
Popular Quizzes Today
1
Find the 'City' Movie
2
Colored Red Africa Blitz
3
Find the US States - No Outlines Minefield
4
5x2 Blitz: Bands
5
The Countries of the World
6
Find the US States
7
US States
8
9x9 Crossword: Cartoon Network
More History Quizzes
20 Centuries, 20 Questions: 20th Century
Published
Trending Quizzes
Colored Red Europe Blitz I
Colored Red Africa Blitz II
Colored Red Europe Blitz II
Colored Red Europe Blitz III
Colored Red Africa Blitz III
Recently Updated
Famous TV Couples
Peacemaker
Champions League XIs: Real Madrid
pecheneg
Largest US Cities 1790-2010
pecheneg
Rides in Walt Disney World
pecheneg
Most Oscar Losses (Acting)
pecheneg
Beyoncé Albums
pecheneg
Leaping Animals
pecheneg
Reality TV Shows (A-Z)
bhenderson79
Rickey Henderson's Hall of Fame Teammates
pecheneg
Champions League XIs: Arsenal
pecheneg
Trending Topics
Kpop
Disney
Anime
NBA
Harry Potter
Marvel
Crossword
Pokémon
Soccer
The Office
NFL
WWE
Country
Puzzle
Song
Your Account Isn't Verified!
In order to create a playlist on Sporcle, you need to verify the email address you used during registration. Go to your
Sporcle Settings
to finish the process.
Report this User
Report this user for behavior that violates our
Community Guidelines
.
Details:
Send Report
Go to the Sporcle.com Mobile Site →
Comments